000 00454cam a2200193ua 4500
001 3987
005 20260515113751.0
008 111212n ii |||gr||||Z||||||asm
040 _cMAIN
082 _a891.4511
100 1 _aBaruah, Mausum,
245 1 1 _aMon Nadiyedi
_cby Mausum Baruah
250 _a1st.
260 _aDibrugarh:
_bJyotiban Prakashan,987.
300 _a30p:
_c23cm.
653 _aAssamese poem
653 _aMon Nadiyedi
942 _cBK
999 _c3807
_d3807